Statistiques concernant Traduction de vocabulaire en espagnol aléatoire

Cliquez ici pour prendre le quiz!

Statistiques générales

  • Ce quiz a été pris 57 855 fois
  • Le résultat moyen est 14 sur 30

Statistiques - réponses

FrançaisEspagnol% Correct
Oui (adv.)S{í}
94%
Noir (adj.)N{egro}
92%
Trois (n.)T{res}
92%
Eau (n.)A{gua}
91%
Deux (n.)D{os}
91%
Merci (n.)G{racias}
91%
Bonjour (n.)H{ola}
91%
Non (adv.)N{o}
91%
Père (n.)P{adre}
91%
Blanc (adj.)B{lanco}
90%
Cinq (n.)C{inco}
90%
Quatre (n.)C{uatro}
90%
Ami (n.)A{migo}
89%
Manger (v.)C{omer}
89%
Chat (n.)G{ato}
89%
Frère (n.)H{ermano}
89%
Musique (n.)M{úsica}
89%
Huit (n.)O{cho}
89%
Si (conj.)S{i}
89%
Sept (n.)S{iete}
89%
Jour (n.)D{ía}
88%
Aller (v.)I{r}
88%
Lune (n.)L{una}
88%
Mère (n.)M{adre}
88%
Enfant (n.)N{iño}
88%
Au revoir (n.)A{diós}
87%
Année (n.)A{ño}
87%
Bleu (adj.)A{zul}
87%
Maison (n.)C{asa}
87%
Lundi (n.)L{unes}
87%
Main (n.)M{ano}
87%
Mer (n.)M{ar}
87%
Monde (n.)M{undo}
87%
Rien (pron.)N{ada}
87%
Quinze (n.)Q{uince}
87%
Avoir (v.)T{ener}
87%
Sœur (n.)H{ermana}
86%
Rouge (adj.)R{ojo}
86%
Semaine (n.)S{emana}
86%
Travailler (v.)T{rabajar}
86%
Chanter (v.)C{antar}
85%
Six (n.)S{eis}
85%
Danser (v.)B{ailar}
84%
Rapide (adj.)R{ápido}
84%
Voir (v.)V{er}
84%
Vivre (v.)V{ivir}
84%
Bouche (n.)B{oca}
83%
Quand (adv.)C{uando}
83%
Douze (n.)D{oce}
83%
Dimanche (n.)D{omingo}
83%
Où (adv.)D{onde}
83%
Aujourd'hui (adv.)H{oy}
83%
Jouer (v.)J{ugar}
83%
Mai (n.)M{ayo}
83%
Onze (n.)O{nce}
83%
Rose (adj.)R{osa}
83%
Vert (adj.)V{erde}
83%
Être (v.)E{star}
82%
Jambon (n.)J{amón}
82%
Mardi (n.)M{artes}
82%
Ecouter (v.)E{scuchar}
81%
Grand (n.)G{ran}
81%
Mercredi (n.)M{iércoles}
81%
Penser (v.)P{ensar}
81%
Soleil (n.)S{ol}
81%
Un (chiffre) (n.)U{no}
81%
Liberté (n.)L{ibertad}
80%
Moto (n.)M{oto}
80%
Savoir (v.)S{aber}
80%
Septembre (n.)S{eptiembre}
80%
Dormir (v.)D{ormir}
79%
Matin (n.)M{añana}
79%
Novembre (n.)N{oviembre}
79%
Roi (n.)R{ey}
79%
Sel (n.)S{al}
79%
Vin (n.)V{ino}
79%
Ciel (n.)C{ielo}
78%
Cent (n.)C{ien}
78%
Cœur (n.)C{orazón}
78%
Ecrire (v.)E{scribir}
78%
Fils (n.)H{ijo}
78%
Mille (n.)M{il}
78%
Reine (n.)R{eina}
78%
Tard (adv.)T{arde}
78%
Tête (n.)C{abeza}
77%
Jeudi (n.)J{ueves}
77%
Demain (adv.)M{añana}
77%
Neuf (n.)N{ueve}
77%
Pain (n.)P{an}
77%
Porte (n.)P{uerta}
77%
Apprendre (v.)A{prender}
76%
Bébé (n.)B{ebé}
76%
Comprendre (v.)C{omprender}
76%
Dix (n.)D{iez}
76%
Janvier (n.)E{nero}
76%
Lire (v.)L{eer}
76%
(le) Meilleur (adj.)M{ejor}
76%
Nouveau (adj.)N{uevo}
76%
Vendredi (n.)V{iernes}
76%
Avril (n.)A{bril}
75%
Avion (n.)A{vión}
75%
Bienvenue (interj.)B{ienvenido}
75%
Après (adv.)D{espués}
75%
Feu (n.)F{uego}
75%
Octobre (n.)O{ctubre}
75%
Petit (n.)P{equeño}
75%
Venir (v.)V{enir}
75%
Chien (n.)P{erro}
74%
Vouloir (v.)Q{uerer}
74%
Treize (n.)T{rece}
74%
Bisou (n.)B{eso}
73%
Quarante (n.)C{uarenta}
73%
Corps (n.)C{uerpo}
73%
Décembre (n.)D{iciembre}
73%
Fleur (n.)F{lor}
73%
Gauche (n.)I{zquierda}
73%
Fou (adj.)L{oco}
73%
Mieux (adv. adj.)M{ejor}
73%
Cheveux (n.)P{elo}
73%
Volcan (n.)V{olcán}
73%
Aide (n.)A{yuda}
72%
Rue (n.)C{alle}
72%
Faux (adj.)F{also}
72%
Froid (adj.)F{río}
72%
Guerre (n.)G{uerra}
72%
Île (n.)I{sla}
72%
Juillet (n.)J{ulio}
72%
Triste (adj.)T{riste}
72%
Ouvrir (v.)A{brir}
71%
Jaune (adj.)A{marillo}
71%
Cuisine (n.)C{ocina}
71%
Espérer (v.)E{sperar}
71%
Frites (n.)F{ritas}
71%
Jardin (n.)J{ardín}
71%
Mois (n.)M{es}
71%
Pomme de terre (n.)P{atata}
71%
Samedi (n.)S{ábado}
71%
Chemise (n.)C{amisa}
70%
Viande (n.)C{arne}
70%
Noël (n.)N{avidad}
70%
Or (métal) (n.)O{ro}
70%
Sérieux (adj.)S{erio}
70%
Oncle (n.)T{ío}
70%
Garçon (n.)C{hico}
69%
Voiture (n.)C{oche}
69%
Mourir (v.)M{orir}
69%
Entendre (v.)O{ír}
69%
Nord (n.)N{orte}
68%
Après-midi (n.)T{arde}
68%
Maintenant (adv.)A{hora}
67%
Dix-neuf (n.)D{iecinueve}
67%
Appeler (v.)L{lamar}
67%
Lumière (n.)L{uz}
67%
Méduse (n.)M{edusa}
67%
Musée (n.)M{useo}
67%
Œil (n.)O{jo}
67%
Pantalon (n.)P{antalón}
67%
Respirer (v.)R{espirar}
67%
Sentir (v.)S{entir}
67%
Tante (n.)T{ía}
67%
Vingt (n.)V{einte}
67%
Février (n.)F{ebrero}
66%
Heureux (adj.)F{eliz}
66%
Gris (adj.)G{ris}
66%
Montagne (n.)M{ontaña}
66%
Avant (adv.)A{ntes}
65%
Dix-huit (n.)D{ieciocho}
65%
Eglise (n.)I{glesia}
65%
Toujours (adv.)S{iempre}
65%
Chaussure (n.)Z{apato}
65%
Chanson (n.)C{anción}
64%
Seize (n.)D{ieciséis}
64%
Quatre-vingt (n.)O{chenta}
64%
Poulet (n.)P{ollo}
64%
Cinquante (n.)C{incuenta}
63%
Dix-sept (n.)D{iecisiete}
63%
Juin (n.)J{unio}
63%
Mars (n.)M{arzo}
63%
Pied (n.)P{ie}
63%
Fromage (n.)Q{ueso}
63%
Rêve (n.)S{ueño}
63%
Sud (n.)S{ur}
63%
Est (n.)E{ste}
62%
Enfin (adv.)F{inalmente}
62%
Tuer (v.)M{atar}
62%
Mémoire (n.)M{emoria}
62%
Quatre-vingt-dix (n.)N{oventa}
62%
Paix (n.)P{az}
62%
Jeune (adj.)J{oven}
61%
Très (adv.)M{uy}
61%
Ordinateur (n.)O{rdenador}
61%
Soixante (n.)S{esenta}
61%
Taureau (animal) (n.)T{oro}
61%
Arbre (n.)Á{rbol}
60%
Sucre (n.)A{zúcar}
60%
Nombre (n.)N{úmero}
60%
Vieux (adj.)V{iejo}
60%
Hier (adv.)A{yer}
59%
Vélo (n.)B{icicleta}
59%
Bouteille (n.)B{otella}
59%
Raconter (v.)C{ontar}
59%
Étoile (n.)E{strella}
59%
Soixante-dix (n.)S{etenta}
59%
Sieste (n.)S{iesta}
59%
Vendre (v.)V{ender}
59%
Voler (v.)V{olar}
59%
Quatorze (n.)C{atorce}
58%
Acheter (v.)C{omprar}
58%
Camion (n.)C{amión}
57%
Construire (v.)C{onstruir}
57%
Equipe (n.)E{quipo}
57%
Lion (n.)L{eón}
57%
Jamais (adv.)N{unca}
57%
Commencer (v.)E{mpezar}
56%
Sirène (n.)S{irena}
56%
Trente (n.)T{reinta}
56%
Courir (v.)C{orrer}
55%
Rêver (v.)S{oñar}
55%
Anniversaire (n.)C{umpleaños}
54%
Amoureux (n.)E{namorado}
54%
Œuf (n.)H{uevo}
54%
Mur (n.)M{uro}
54%
Tomate (n.)T{omate}
54%
Fraise (n.)F{resa}
53%
Assiette (n.)P{lato}
53%
Vrai (adj.)R{eal}
53%
Vache (n.)V{aca}
53%
Fenêtre (n.)V{entana}
53%
Août (n.)A{gosto}
52%
Lit (n.)C{ama}
52%
Lunettes (n.)G{afas}
52%
Mari (n.)M{arido}
52%
Cheval (n.)C{aballo}
51%
Marcher (v.)C{aminar}
51%
Ceinture (n.)C{inturón}
51%
Moustique (n.)M{osquito}
51%
Peau (n.)P{iel}
51%
Timide (adj.)T{ímido}
51%
Bière (n.)C{erveza}
50%
Sang (n.)S{angre}
50%
Visage (n.)C{ara}
49%
Fermer (v.)C{errar}
49%
Riz (n.)A{rroz}
48%
Rester (v.)Q{uedar}
48%
Enseigner (v.)E{nseñar}
47%
Pleurer (v.)L{lorar}
47%
Naissance (n.)N{acimiento}
47%
Vent (n.)V{iento}
47%
Botte (n.)B{ota}
46%
Cascade (n.)C{ascada}
46%
Robe (n.)V{estido}
46%
Fleuve (n.)R{ío}
45%
Chaud (adj.)C{aliente}
44%
Couronne (n.)C{orona}
44%
Rire (v.)R{eír}
44%
Seigneur (n.)S{eñor}
44%
Bras (n.)B{razo}
43%
Nettoyer (v.)L{impiar}
43%
Pluie (n.)L{luvia}
43%
Valise (n.)M{aleta}
43%
Sauter (v.)S{altar}
43%
Dent (n.)D{iente}
42%
Ouest (n.)O{este}
42%
Chaton (n.)G{atito}
41%
Gomme (n.)G{oma}
41%
Enfer (n.)I{nfierno}
41%
Suivre (v.)S{eguir}
40%
Siècle (n.)S{iglo}
40%
Tomber (v.)C{aer}
39%
Brun (adj.)M{arrón}
39%
Chiot (n.)P{errito}
39%
Sol (n.)S{uelo}
39%
Trompette (n.)T{rompeta}
39%
Voisin (n.)V{ecino}
39%
Neige (n.)N{ieve}
38%
Calendrier (n.)C{alendario}
37%
Annuler (v.)C{ancelar}
37%
Journal (n.)D{iario}
37%
Girafe (n.)J{irafa}
37%
Nez (n.)N{ariz}
37%
Araignée (n.)A{raña}
36%
Chambre (n.)H{abitación}
36%
Stylo (n.)B{olígrafo}
35%
Sac (n.)B{olsa}
35%
Forêt (n.)B{osque}
35%
Nager (v.)N{adar}
35%
Jardinier (n.)J{ardinero}
34%
Poisson (n.)P{ez}
34%
Crepuscule (n.)C{repúsculo}
33%
Doigt (n.)D{edo}
33%
Usine (n.)F{ábrica}
33%
Détester (v.)O{diar}
33%
Père Noël (n.)P{apá Noel}
33%
Serpent (n.)S{erpiente}
33%
Raisin (n.)U{va}
33%
Violon (n.)V{iolín}
33%
Couper (v.)C{ortar}
32%
Minuit (n.)M{edianoche}
32%
Légume (n.)V{erdura}
32%
Âme (n.)A{lma}
31%
Crayon (n.)L{ápiz}
31%
Mélanger (v.)M{ezclar}
31%
Poumon (n.)P{ulmón}
31%
Horloge (n.)R{eloj}
31%
Soldat (n.)S{oldado}
31%
Huile (n.)A{ceite}
30%
Sorcière (n.)B{ruja}
30%
Affiche (n.)C{artel}
30%
Blague (n.)B{roma}
29%
Chaise (n.)S{illa}
29%
Colline (n.)C{olina}
28%
Grandir (v.)C{recer}
28%
Jupe (n.)F{alda}
28%
Oreille (n.)O{reja}
28%
Boulangerie (n.)P{anadería}
28%
Souris (n.)R{atón}
28%
Oignon (n.)C{ebolla}
27%
Hyène (n.)H{iena}
27%
Loup (n.)L{obo}
27%
Argent (métal) (n.)P{lata}
27%
Verre (n.)V{idrio}
27%
Poubelle (n.)B{asura}
26%
Chèvre (n.)C{abra}
26%
Goutte (n.)G{ota}
26%
Grue (n.)G{rúa}
26%
Gâteau (n.)P{astel}
26%
Plomb (n.)P{lomo}
26%
Estomac (n.)E{stómago}
25%
Beurre (n.)M{antequilla}
25%
Ours (n.)O{so}
25%
Oiseau (n.)P{ájaro}
25%
Jambe (n.)P{ierna}
25%
Banane (n.)P{látano}
25%
Pantoufle (n.)Z{apatilla}
25%
Sable (n.)A{rena}
24%
Eponge (n.)E{sponja}
24%
Larme (n.)L{ágrima}
24%
Route (n.)R{uta}
24%
Hauteur (n.)A{ltura}
23%
Estuaire (n.)E{stuario}
23%
Savon (n.)J{abón}
23%
Mariage (n.)M{atrimonio}
23%
Genou (n.)R{odilla}
23%
Saigner (v.)S{angrar}
23%
Sourire (v.)S{onreír}
23%
Saison (n.)T{emporada}
23%
Citoyen (n.)C{iudadano}
22%
Dauphin (n.)D{elfín}
22%
Jumeau (n.)G{emelo}
22%
Fumée (n.)H{umo}
22%
Meuble (n.)M{ueble}
22%
Cadavre (n.)C{adáver}
21%
Couteau (n.)C{uchillo}
21%
Cou (n.)C{uello}
21%
Nuage (n.)N{ube}
21%
Célibataire (adj.)S{oltero}
21%
Tôt (adv.)T{emprano}
21%
Renard (n.)Z{orro}
21%
Zèbre (n.)C{ebra}
20%
Combat (n.)C{ombate}
20%
Herbe (n.)H{ierba}
20%
Bois (n.)M{adera}
20%
Mouche (n.)M{osca}
20%
Canard (n.)P{ato}
20%
Toit (n.)T{echo}
20%
Ail (n.)A{jo}
19%
Courrier (n.)C{orreo}
19%
Four (n.)H{orno}
19%
Rugir (v.)R{ugir}
19%
Ombre (n.)S{ombra}
19%
Ongle (n.)U{ña}
19%
Répondre (v.)C{ontestar}
18%
Fantôme (n.)F{antasma}
18%
Pieuvre (n.)P{ulpo}
18%
Tasse (n.)T{aza}
18%
Carotte (n.)Z{anahoria}
18%
Cochon (n.)C{erdo}
17%
Cerveau (n.)C{erebro}
17%
Grippe (n.)G{ripe}
17%
Pâques (n.)P{ascua}
17%
Neveu (n.)S{obrino}
17%
Vide (adj.)V{acío}
17%
En colère (adj.)E{nfadado}
16%
Etroit (adj.)E{strecho}
16%
Feuille (d'arbre) (n.)H{oja}
16%
Boîte (n.)C{aja}
15%
Chaussette (n.)C{alcetín}
15%
Gant (n.)G{uante}
15%
Bijou (n.)J{oya}
15%
Fourchette (n.)T{enedor}
15%
Ciseaux (n.)T{ijeras}
15%
Acier (n.)A{cero}
14%
Anneau (n.)A{nillo}
14%
Cerise (n.)C{ereza}
14%
Pâtisserie (n.)P{astelería}
14%
Grenouille (n.)R{ana}
14%
Abeille (n.)A{beja}
13%
Cravate (n.)C{orbata}
13%
Epaule (n.)H{ombro}
13%
Salade (n.)L{echuga}
13%
Pastèque (n.)S{andía}
13%
Clavier (n.)T{eclado}
13%
Chandelle (n.)V{ela}
13%
Amer (adj.)A{margo}
12%
Armoire (n.)A{rmario}
12%
Baleine (n.)B{allena}
12%
Cuiller (n.)C{uchara}
12%
Jouet (n.)J{uguete}
12%
Poignet (n.)M{uñeca}
12%
Poivre (n.)P{imienta}
12%
Biscuit (n.)G{alleta}
11%
Langouste (n.)L{angosta}
11%
Confiture (n.)M{ermelada}
11%
Cauchemar (n.)P{esadilla}
11%
Profondeur (n.)P{rofundidad}
11%
Saucisse (n.)S{alchicha}
11%
Sucré (adj.)A{zucarado}
10%
Fée (n.)H{ada}
10%
Aimant (n.)I{mán}
10%
Léger (adj.)L{igero}
10%
Parapluie (n.)P{araguas}
10%
Prier (v.)R{ezar}
10%
Encre (n.)T{inta}
10%
Effrayé (adj.)A{sustado}
9%
Echarpe (n.)B{ufanda}
9%
Boucher (n.)C{arnicero}
9%
Sourcil (n.)C{eja}
9%
Devenir (v.)C{onvertirse}
9%
Gratte-ciel (n.)R{ascacielo}
9%
Aurore (n.)A{manecer}
8%
Armure (n.)A{rmadura}
8%
Cuivre (n.)C{obre}
8%
Epice (n.)E{specia}
8%
Epinard (n.)E{spinaca}
8%
Marteau (n.)M{artillo}
8%
Souffler (v.)S{oplar}
8%
Tempête (n.)T{ormenta}
8%
Tapis (n.)A{lfombra}
7%
Atterrir (v.)A{terrizar}
7%
Cheminée (n.)C{himenea}
7%
Montgolfière (n.)G{lobo}
7%
Grotte (n.)G{ruta}
7%
Longueur (n.)L{ongitud}
7%
Chauve-souris (n.)M{urciélago}
7%
Noix (n.)N{uez}
7%
Prêtre (n.)S{acerdote}
7%
Oreiller (n.)A{lmohada}
6%
Agneau (n.)C{ordero}
6%
Arrêter (v.)D{etener}
6%
Pouce (doigt) (n.)P{ulgar}
6%
Rouler (v.)R{odar}
6%
Chuchoter (v.)S{usurrar}
6%
Avertissement (n.)A{dvertencia}
5%
Guèpe (n.)A{vispa}
5%
Hibou (n.)B{úho}
5%
Citrouille (n.)C{alabaza}
5%
Mouton (n.)C{arnero}
5%
Clou (n.)C{lavo}
5%
Fusée (n.)C{ohete}
5%
Balai (n.)E{scoba}
5%
Lame (n.)H{oja}
5%
Arroser (v.)R{egar}
5%
Siffler (v.)S{ilbar}
5%
Menton (n.)B{arbilla}
4%
Balançoire (n.)C{olumpio}
4%
Couverture (n.)C{ubierta}
4%
Eternuer (v.)E{stornudar}
4%
Haricot (n.)J{udía}
4%
Raton laveur (n.)M{apache}
4%
Sauterelle (n.)S{altamontes}
4%
Bœuf (n.)B{uey}
3%
Bélier (n.)C{arnero}
3%
Creuser (v.)C{avar}
3%
Tournevis (n.)D{estornillador}
3%
Lézard (n.)L{agartija}
3%
Scie (n.)S{ierra}
3%

Distribution des résultats

Percentile par nombre de réponses

% des personnes avec chaque résultat

Votre développement - résultats

Vous n’avez pas pris ce quiz